Statistiques concernant Nommer les mobs de Minecraft

Cliquez ici pour prendre le quiz!

Statistiques générales

  • Ce quiz a été pris 46 fois
  • Le résultat moyen est 31 sur 81

Statistiques - réponses

HintRéponse% Correct
71Zombie
95%
10Cochon
92%
63Squelette
90%
29Vache
87%
16Mouton
85%
46Creeper
82%
76Wither
79%
74Enderdragon
77%
24Poule
77%
8Cheval
74%
42Enderman
74%
36Loup
74%
39Araignée
72%
6
Chat
72%
30Villageois
72%
31Abeille
62%
51Ghast
62%
69Wither Squelette
59%
44Blaze
56%
38Piglin
56%
34Golem de Fer
54%
26Saumon
54%
62Sorcière
51%
67
Warden
51%
7Chauve-Souris
49%
2
Âne
46%
35Lama
46%
19Perroquet
46%
28Tortue
46%
33Dauphin
44%
18Ocelot
44%
54Phantom
44%
61Slime
44%
32Chèvre
38%
53Noyé
38%
57Poisson d'argent
38%
50Gardien
36%
13Lapin
36%
17Mule
36%
81Panda
36%
20Poisson-Globe
36%
22Poulpe
36%
25Renard
36%
12Grenouille
33%
73Zombie-Villageois
33%
11Golem de Neige
31%
4Axolotl
28%
9Cheval-Squelette
28%
60Shulker
28%
40Araignée venimeuse
26%
37Ours blanc
26%
65Vex
26%
47Cube de Magma
23%
48Endermite
23%
15Morue
23%
56Pillard
23%
21Poisson Tropical
23%
1
Allay
21%
59Ravageur
21%
5Champimeuh
18%
77Cheval-Zombie
18%
75Grand Gardien
18%
23Poulpe Luisant
18%
66Vindicateur
18%
70Zoglin
18%
52Hoglin
15%
14Marchand Ambulant
15%
41Piglin zombifié
15%
3Arpenteur
13%
27Têtard
13%
64Vagabond
13%
49Evocateur
10%
78Géant
10%
45Cavalier Squelette
8%
72Zombie Momifié
8%
79Illusioniste
5%
80Lapin Tueur
5%
55Piglin Barbare
5%
58Poule chevauchée
3%
68Wither araignée chevauchée
3%
43Araignée chevaucheuse
0%

Distribution des résultats

Percentile par nombre de réponses

% des personnes avec chaque résultat

Votre développement - résultats

Vous n’avez pas pris ce quiz